000 00514nam a2200205 a 4500
999 _c4169
_d4169
001 4169
003 BD-JhCC
005 20210929134019.0
008 171123s1968 ||||| |||| 00| 0 eng d
035 _a(BD-JhCC)
040 _aBD-JhCC
_dBD-JhCC
041 _aeng
082 _a813.54
_bHAR 1968
100 _aHarris, Wilson
245 _aPalace of the peacock /
_cWilson Harris
260 _aLondon :
_bFaberand Faber,
_c1968
300 _a152 p. :
_c20cm.
650 _aAmerican Literature
942 _2ddc
_cBK
_03